Parliamentary memorandum by the Minister of Finance (Hon. Ken ofori –Atta) on request for approval for tax and duty waiver on equipment, materials and vehicles in respect of the Tamale Airport Phase II project (Record no. 433)

MARC details
000 -LEADER
fixed length control field 00705nam a2200157Ia 4500
008 - FIXED-LENGTH DATA ELEMENTS--GENERAL INFORMATION
fixed length control field 240428s9999||||xx |||||||||||||| ||und||
041 ## - LANGUAGE CODE
Language code of text/sound track or separate title eng
082 ## - DEWEY DECIMAL CLASSIFICATION NUMBER
Classification number 33333***
100 ## - MAIN ENTRY--PERSONAL NAME
Personal name Ofori-Atta, Ken
245 #0 - TITLE STATEMENT
Title Parliamentary memorandum by the Minister of Finance (Hon. Ken ofori –Atta) on request for approval for tax and duty waiver on equipment, materials and vehicles in respect of the Tamale Airport Phase II project
260 ## - PUBLICATION, DISTRIBUTION, ETC.
Name of publisher, distributor, etc. Parliment of Ghana
Place of publication, distribution, etc. Accra
Date of publication, distribution, etc. 2020
300 ## - PHYSICAL DESCRIPTION
Extent 22p.
650 ## - SUBJECT ADDED ENTRY--TOPICAL TERM
Topical term or geographic name entry element military airport - Ghana airport company limited - Messrs. QC Construction UK Limited - Tamale Airport Phase II project - request for approval for tax and duty waiver
942 ## - ADDED ENTRY ELEMENTS (KOHA)
Koha item type Annual Report
Holdings
Withdrawn status Lost status Damaged status Not for loan Home library Current library Shelving location Date acquired Total checkouts Full call number Date last seen Copy number Price effective from Koha item type
        Main Library Main Library Open Shelves 04/12/2021   NULL 29/04/2024 1 29/04/2024 Annual Report
©2026  Parliament of Ghana Library - All rights reserved